000 01002nam a22002534a 4500
005 20160926095341.0
008 160914s2016 ck gr 001 0 spa d
020 _a9789588040776
040 _aCO-BoUCM
_bspa
_cSaul Niño (Modificó)
_dEdgar Pinilla
041 _aspa
100 1 _aMasur, Gerhard
_d1901-1975
_980101
245 1 0 _aPaisajes del espíritu
_bensayos de crítica de la cultura
_cGerhard Masur ; compilador Gonzalo Cataño
260 _aBogotá (Colombia)
_bAcademia Colombiana de Historia
_c2016
300 _a380 páginas
500 _aIncluya índice onomástico
600 3 4 _aMasur, Gerhard
_d1901-1975
_xCrítica e interpretación
_980102
600 3 4 _aMasur, Gerhard
_d1901-1975
_xPensamiento político y social
_980103
650 1 7 _aEnsayos alemanes
_914548
650 1 7 _aHistoria
_zAlemania
_962818
690 _aHistoria de Europa
_926509
700 1 _aCataño, Gonzalo
_ecompilador
_978811
942 _cLIBRO
_2DEWEY
_a21
_e1
_h928.61
_mM424
999 _c304589
_d304589